00660nam a22002057a 4500003000400000008004100004082001700045100002100062245008200083260006800165300001000233502001700243650001700260650001200277650001100289650001100300942001100311999001700322952011500339OSt260429b |||||||| |||| 00| 0 eng d a634.44bJ46S aJham Kumod Kant. aStudies on the Effect of Pgr and Nutrients on Periodicity of Bearing in Mango a.- Sabour, Bhagalpurb: Bihar Agricultural College, RAUc, 1994 a161p. bPh. D.d1994 aHorticulture aMangoes aThesis aPh. D. 2ddccT c50288d50288 00102ddc4070aRAUbRAUd2026-04-29eby Authorg0.00l0o634.44 J46Sp45262r2026-04-29w2026-04-29yTkGift